000 004700000a22001690004500
003 MACL
005 20151216170716.0
008 151216b xxu||||| |||| 00| 0 eng d
040 _aMACL
_cMACL
041 _aEnglish
082 _a030/EBL
100 _aEblen, Ruth A
_920605
245 _aThe Environment Encyclopedia
_bVol 3 Desertification Environment
260 _bMarshall Cavendish Corporation
_c2000
650 _aEncyclopaedia
_920607
942 _cBK
_k030/EBL
_2ddc
999 _c39980
_d39980